000 00328nam a2200145 i 4500
001 bg
100 1 _aLEONTJEV, O. K.
245 0 _aGeologia morza /
_cO.K. Leontjew.
260 _aWarszawa,
_c1989.
700 1 _aLeontjew, O. K.
040 _cBPK
041 _apol
942 _cKS
008 s pl f |000 0 pol
999 _c10272
_d10272
856 _uhttp://koha.tu.koszalin.pl/cgi-bin/koha/opac-detail.pl?biblionumber=10272
_yKatalog online BPK